Chines to English (5) - Statistics

General Stats
  • This quiz has been taken 8 times
  • The average score is 10 of 12
Answer Stats
Hint Answer % Correct
big
100%
short
100%
short
100%
slow
100%
small
100%
tall
100%
容易 easy
88%
fast
88%
long
75%
聰明 smart
75%
stupid
63%
困難 hard
50%
No matching quizzes found
Score Distribution
Percent of People with Each Score
Percentile by Number Answered
Your Score History
You have not taken this quiz